[Event "Titled Tuesday intern op 16th Jul Early"]
[Site "Chess.com INT"]
[Date "2024.07.16"]
[Round "10"]
[White "Bobkov, Vadim"]
[Black "Rian, Kapriaga"]
[Result "1-0"]
[WhiteElo "2237"]
[BlackElo "2089"]
[PlyCount "119"]
[EventDate "2024.07.16"]
[EventType "swiss (blitz)"]
[EventRounds "11"]
[EventCountry "USA"]
[SourceTitle "EXT 2025"]
[Source "ChessBase"]
[SourceDate "2024.10.14"]
[SourceVersion "1"]
[SourceVersionDate "2024.10.14"]
[SourceQuality "1"]

1. d4 Nf6 2. Bg5 e6 3. e4 h6 4. Bxf6 Qxf6 5. c3 d6 6. Nd2 a6 7. Ngf3 g6 8. Bd3 Bg7 9. 0-0 Nd7 10. Re1 Qe7 11. Qe2 0-0 12. Nc4 b5 13. Ne3 Bb7 14. a4 c6 15. d5 Nc5 16. dxc6 Bxc6 17. axb5 Nxd3 18. Qxd3 axb5 19. Nd4 Qb7 20. f3 Bd7 21. Nec2 Rxa1 22. Rxa1 Rd8 23. Nb4 Rc8 24. Qe3 Rc4 25. Nb3 Rc7 26. Na5 Qa7 27. Kf2 Bf8 28. Qxa7 Rxa7 29. Nb3 Ra4 30. Rxa4 bxa4 31. Nd4 Kg7 32. Ke3 Kf6 33. Ndc6 g5 34. g3 h5 35. f4 gxf4+ 36. gxf4 h4 37. Kd4 Bh6 38. e5+ dxe5+ 39. fxe5+ Kg7 40. Na5 Bc1 41. Nd3 Bd2 42. Nc4 Bg5 43. Nc5 Bb5 44. Nd6 Bc6 45. Nce4 Bf4 46. h3 Bc1 47. Nc4 Bb5 48. Ned6 Bc6 49. Ne4 Bd5 50. Ned2 Kg6 51. b3 a3 52. Nxa3 Bxa3 53. c4 Bc6 54. b4 Bxb4 55. Nb3 Kf5 56. c5 Bd5 57. Nc1 Bg2 58. Nd3 Ba5 59. Nb2 Bc7 60. Nc4 1-0

[Event "Titled Tuesday intern op 16th Jul Early"]
[Site "Chess.com INT"]
[Date "2024.07.16"]
[Round "5"]
[White "Jakubowski, Krzysztof"]
[Black "Rian, Kapriaga"]
[Result "0-1"]
[WhiteElo "2457"]
[BlackElo "2089"]
[PlyCount "60"]
[EventDate "2024.07.16"]
[EventType "swiss (blitz)"]
[EventRounds "11"]
[EventCountry "USA"]
[SourceTitle "EXT 2025"]
[Source "ChessBase"]
[SourceDate "2024.10.14"]
[SourceVersion "1"]
[SourceVersionDate "2024.10.14"]
[SourceQuality "1"]

1. e4 c6 2. d4 d5 3. exd5 cxd5 4. Bd3 Nc6 5. c3 Nf6 6. Bf4 Bg4 7. Nf3 e6 8. Nbd2 Bd6 9. Bg3 0-0 10. 0-0 Rb8 11. Qe2 a6 12. Rfe1 b5 13. a3 Bh5 14. Bh4 Qc7 15. Bxf6 gxf6 16. b4 Bxh2+ 17. Kf1 Bf4 18. Nb3 Kh8 19. Nc5 Ra8 20. a4 bxa4 21. Bxa6 Rg8 22. Bb7 Rab8 23. Bxc6 Qxc6 24. Qa6 Qe8 25. Ng1 Qf8 26. Nd7 Qg7 27. g3 Rbd8 28. Nxf6 Qxf6 29. gxf4 Qg6 30. f3 Qg2# 0-1